| 000 | 00620nam a22002057a 4500 | ||
|---|---|---|---|
| 005 | 20241106161556.0 | ||
| 010 | _aENG-142588 | ||
| 020 | _c180.00 | ||
| 035 | _aEN-126120 | ||
| 037 | _bDBAD | ||
| 082 |
_a425 _2First |
||
| 100 |
_aChakkanattu, Dr.Raju _973769 |
||
| 245 |
_aIndia and English / _cBy Dr. Raju Chakkanattu |
||
| 260 |
_aKozhikode _bParayanchery, Kuthiravattam _c2021 |
||
| 270 |
_bKozhikode _aParayanchery, Kuthiravattam (P.O.) _e673016 |
||
| 300 |
_a182p. _c21cm(Pb) |
||
| 700 |
_aVidyarthi, V.R. _973765 |
||
| 700 |
_aSrinivasarao, potlapalli _973766 |
||
| 942 |
_2ddc _cEN _h425 _mCHA |
||
| 999 |
_c206916 _d206916 |
||